| 000 | 01525nam0a2200265 i 4500 | ||
|---|---|---|---|
| 001 | RU\NLR\bibl\571036 | ||
| 005 | 20240725231245.0 | ||
| 035 | _a(NLR Aleph) 000563099 | ||
| 090 |
_a1544993 _c1544993 |
||
| 100 | _a20041104d2001 |||y0rusy50 ca | ||
| 101 | 0 | _arus | |
| 102 | _aRU | ||
| 105 | _aa dm ||||| | ||
| 200 | 1 |
_aЗакономерности возникновения пожаров на объектах лесной промышленности и в населенных пунктах _e(На прим. Краснояр. края) _eАвтореф. дис. на соиск. учен. степ. к.т.н. _eСпец. 05.26.03 _fНегина Светлана Витальевна _g[Всерос. НИИ противопожар. обороны МВД России] |
|
| 210 |
_aМ. _cБ.и. _d2001 |
||
| 215 |
_a22 с. _cил. _d21 |
||
| 320 | _aБиблиогр.: с.20-22 (19 назв.) | ||
| 686 |
_a05.26.03 _2oksvnk |
||
| 700 | 1 |
_aНегина _bС. В. _gСветлана Витальевна _4070 |
|
| 801 | 0 |
_aRU _bNLR _c20041104 _gPSBO |
|
| 801 | 1 |
_aRU _bNLR _c20041104 |
|
| 901 | _eАвторефераты | ||
| 942 | _cBOOK | ||
| 981 | 1 | 0 |
_a(10) Авторефераты _b(10) 05.00.00 Технические науки _b05.26.00 Безопасность деятельности человека _b05.26.03 Пожарная и промышленная безопасность (по отраслям) |